[Event "Reykjavik zt 1.3"]
[Site "Reykjavik"]
[Date "2000.09.06"]
[Round "1.2"]
[White "Gausel, Einar"]
[Black "Nilssen, John Arni"]
[Result "1/2-1/2"]
[WhiteElo "2492"]
[BlackElo "2354"]
[EventDate "2000.09.05"]
[PlyCount "92"]

1.d4 Nf6 2.Nf3 e6 3.e3 d5 4.Bd3 Nbd7 5.Nbd2 c5 6.c3 Bd6 7.O-O O-O 8.h3 Qe7
9.Re1 h6 10.e4 dxe4 11.Nxe4 Nxe4 12.Bxe4 Nf6 13.Bc2 Rd8 14.Qe2 b6 15.dxc5 
Bxc5 16.Bf4 Bb7 17.Rad1 Rac8 18.Be5 Bd6 19.Bxf6 Qxf6 20.Be4 Qe7 21.a4 Qc7 
22.Bxb7 Qxb7 23.Rd3 Be7 24.Red1 Rxd3 25.Rxd3 Rd8 26.Rxd8+ Bxd8 27.Qb5 Kf8 
28.Ne5 a6 29.Qd3 Qd5 30.Qxd5 exd5 31.Nc6 Bf6 32.Kf1 a5 33.Ke2 Ke8 34.Kd3 
Kd7 35.Nd4 h5 36.g4 hxg4 37.hxg4 Bg5 38.b3 g6 39.Ne2 Kd6 40.f3 Bh4 41.c4 
dxc4+ 42.Kxc4 Bf2 43.Nf4 Bg1 44.Ne2 Bf2 45.Nf4 Bg1 46.Ne2 Bf2 1/2-1/2

[Event "Reykjavik zt 1.3"]
[Site "Reykjavik"]
[Date "2000.09.06"]
[Round "1.2"]
[White "Gretarsson, Helgi Ass"]
[Black "Salmensuu, Olli"]
[Result "1/2-1/2"]
[WhiteElo "2563"]
[BlackElo "2458"]
[EventDate "2000.09.05"]
[PlyCount "89"]

1.b3 c5 2.Bb2 Nc6 3.e3 Nf6 4.Nf3 e6 5.d4 d5 6.Bd3 Be7 7.O-O O-O 8.c4 b6 9.
Nc3 Bb7 10.Rc1 Rc8 11.Qe2 cxd4 12.exd4 Nb4 13.Bb1 dxc4 14.bxc4 Bxf3 15.
gxf3 Bd6 16.Kh1 Nh5 17.Qe4 f5 18.Qxe6+ Kh8 19.Bxf5 Rc6 20.Qe4 Qg5 21.d5 
Nf6 22.f4 Qh6 23.Qg2 Rxc4 24.Ne4 Rxc1 25.Rxc1 Bxf4 26.Rc3 Qh5 27.Nxf6 Qxf5
28.Ne4 Be5 29.d6 Nd5 30.Rb3 Nf6 31.Nxf6 Qxf6 32.Bxe5 Qxe5 33.Qg3 Qxg3 34.
hxg3 Rd8 35.Rc3 Kg8 36.Rc7 Rxd6 37.Rxa7 b5 38.Kg2 b4 39.g4 h6 40.Kg3 Rb6 
41.f4 b3 42.axb3 Rxb3+ 43.Kh4 Rb1 44.g5 hxg5+ 45.Kxg5 1/2-1/2

[Event "Reykjavik zt 1.3"]
[Site "Reykjavik"]
[Date "2000.09.06"]
[Round "1.2"]
[White "Gunnarsson, Jon Viktor"]
[Black "Hector, Jonny"]
[Result "1-0"]
[WhiteElo "2368"]
[BlackElo "2509"]
[EventDate "2000.09.05"]
[PlyCount "79"]

1.e4 e5 2.Nf3 Nc6 3.Bc4 Nf6 4.d3 Bc5 5.O-O a6 6.c3 Ba7 7.Nbd2 O-O 8.Bb3 d6
9.Nc4 Ne7 10.Bg5 Kh8 11.Ne3 Nfg8 12.d4 f6 13.Bh4 Qe8 14.Bg3 Bd7 15.a4 Rd8 
16.h3 Nh6 17.Bc2 Bc6 18.dxe5 dxe5 19.Qe2 Nf7 20.Rfd1 Nd6 21.Nd5 Nxd5 22.
exd5 Bd7 23.c4 a5 24.Nd2 Bd4 25.Nb3 Ba7 26.Nxa5 Nf5 27.Bxf5 Bxf5 28.b4 Qg6
29.Ra3 Bd4 30.Kh2 Rde8 31.f3 Bc8 32.Nb3 f5 33.Nxd4 exd4 34.Qd2 f4 35.Bxf4 
Bxh3 36.Kxh3 Qh5+ 37.Kg3 g5 38.Qxd4+ Kg8 39.Bxg5 Rf5 40.Bh4 1-0

[Event "Reykjavik zt 1.3"]
[Site "Reykjavik"]
[Date "2000.09.06"]
[Round "1.2"]
[White "Nielsen, Peter Heine"]
[Black "Wedberg, Tom"]
[Result "1/2-1/2"]
[WhiteElo "2578"]
[BlackElo "2473"]
[EventDate "2000.09.05"]
[PlyCount "99"]

1.d4 Nf6 2.Nf3 e6 3.c4 c5 4.d5 d6 5.Nc3 exd5 6.cxd5 g6 7.h3 Bg7 8.e4 O-O 
9.Bd3 Re8 10.O-O c4 11.Bc2 b5 12.Nxb5 Nxe4 13.Bxe4 Rxe4 14.Nd2 Rh4 15.Re1 
Ba6 16.a4 Bxb5 17.axb5 Nd7 18.Ne4 Qb8 19.Ra6 Rxe4 20.Rxe4 Nc5 21.Rxc4 Qxb5
22.Rxc5 dxc5 23.Qf1 Qb3 24.d6 Qd5 25.Qe2 Be5 26.Qf3 Qxf3 27.gxf3 Rd8 28.
Rxa7 Bxd6 29.Be3 Kg7 30.Ra6 Be7 31.Rc6 Rd5 32.Kg2 Bd6 33.f4 f5 34.Kf3 Kf7 
35.Ke2 Ke6 36.b3 h5 37.Ra6 Kd7 38.Ra7+ Ke6 39.Ra2 g5 40.fxg5 f4 41.Bc1 
Rxg5 42.Ra4 Rf5 43.Kf3 Kd5 44.Bxf4 Rf7 45.Ke3 Rb7 46.Bxd6 Rxb3+ 47.Kd2 
Kxd6 48.Rh4 Rf3 49.Rxh5 Rxf2+ 50.Kc3 1/2-1/2

[Event "Reykjavik zt 1.3"]
[Site "Reykjavik"]
[Date "2000.09.06"]
[Round "1.2"]
[White "Olafsson, Helgi"]
[Black "Agdestein, Simen"]
[Result "1/2-1/2"]
[WhiteElo "2478"]
[BlackElo "2590"]
[EventDate "2000.09.05"]
[PlyCount "49"]

1.d4 d5 2.c4 c6 3.Nc3 dxc4 4.e4 b5 5.a4 b4 6.Na2 Nf6 7.e5 Nd5 8.Bxc4 e6 9.
Nf3 Be7 10.Bd2 a5 11.Nc1 Ba6 12.Qc2 Nd7 13.Nb3 O-O 14.O-O h6 15.Rfc1 Qb6 
16.Bxa6 Rxa6 17.Qe4 c5 18.Rc2 Rc8 19.Rac1 Ra7 20.Qe2 Rac7 21.g3 cxd4 22.
Rxc7 Rxc7 23.Rxc7 Qxc7 24.Nbxd4 Bc5 25.Nb5 1/2-1/2

[Event "Reykjavik zt 1.3"]
[Site "Reykjavik"]
[Date "2000.09.06"]
[Round "1.2"]
[White "Schandorff, Lars"]
[Black "Holmsten, Aleksei"]
[Result "0-1"]
[WhiteElo "2520"]
[BlackElo "2383"]
[EventDate "2000.09.05"]
[PlyCount "114"]

1.c4 Nf6 2.g3 g6 3.Bg2 Bg7 4.Nc3 c5 5.e3 O-O 6.Nge2 Nc6 7.O-O d6 8.b3 Rb8 
9.Bb2 a6 10.d4 cxd4 11.Nxd4 Nxd4 12.Qxd4 Ng4 13.Qd2 Qa5 14.h3 Ne5 15.f4 
Nd7 16.Rfd1 Qd8 17.Nd5 f6 18.Rac1 b6 19.Nb4 Qe8 20.Nc6 Rb7 21.Nd4 Ra7 22.
Ne6 Rf7 23.Bc6 Bb7 24.Bxb7 Rxb7 25.Qd5 Rb8 26.b4 Nf8 27.Nxf8 Bxf8 28.Qe6 
Qc8 29.Qxc8 Rxc8 30.Bd4 b5 31.cxb5 Rxc1 32.Rxc1 axb5 33.Rc8 e5 34.Bb6 Rb7 
35.Ba5 Kf7 36.Kf2 e4 37.g4 f5 38.gxf5 gxf5 39.Rc2 Ke6 40.a4 bxa4 41.Ra2 
Bg7 42.Rxa4 Bc3 43.b5 Ra7 44.Rxe4+ fxe4 45.Bxc3 Rb7 46.Kg3 Kf5 47.Bd4 Rxb5
48.Ba7 Rb1 49.Kg2 d5 50.Bc5 Rc1 51.Bd4 Rd1 52.Bc5 Rd2+ 53.Kg3 h5 54.Bb6 d4
55.Bxd4 h4+ 56.Kxh4 Rxd4 57.exd4 Kxf4 0-1

[Event "Reykjavik zt 1.3"]
[Site "Reykjavik"]
[Date "2000.09.06"]
[Round "1.2"]
[White "Yrjola, Jouni"]
[Black "Hansen, Sune Berg"]
[Result "0-1"]
[WhiteElo "2442"]
[BlackElo "2545"]
[EventDate "2000.09.05"]
[PlyCount "70"]

1.d4 Nf6 2.c4 e6 3.Nf3 b6 4.Nc3 Bb4 5.Qb3 c5 6.Bg5 Bb7 7.e3 O-O 8.Bd3 h6 
9.Bh4 cxd4 10.Qxb4 Na6 11.Qa3 dxc3 12.Qxc3 Nc5 13.Rd1 Rc8 14.Be2 Nce4 15.
Qa3 Rc5 16.b4 Rh5 17.O-O a5 18.b5 Qa8 19.Bxf6 Nxf6 20.Rd6 Rc8 21.Ne1 Rhc5 
22.f3 Qb8 23.Rxb6 Qc7 24.Rxb7 Qxb7 25.Qxa5 d5 26.a4 dxc4 27.e4 Nd7 28.Nc2 
Ra8 29.Qd2 Rxa4 30.Rd1 Rc7 31.Qd6 Ra2 32.Rc1 Qb6+ 33.Qxb6 Nxb6 34.Kf1 Rb2 
35.Ke1 Rxb5 0-1

[Event "Reykjavik zt 1.3"]
[Site "Reykjavik"]
[Date "2000.09.07"]
[Round "1.3"]
[White "Schandorff, Lars"]
[Black "Holmsten, Aleksei"]
[Result "1-0"]
[WhiteElo "2520"]
[BlackElo "2383"]
[EventDate "2000.09.05"]
[PlyCount "95"]

1.c4 Nf6 2.g3 d5 3.cxd5 Nxd5 4.Bg2 Nc6 5.Nc3 Nb6 6.d3 g6 7.Be3 Bg7 8.Qd2 
Nd4 9.Rc1 c6 10.Bh6 O-O 11.Bxg7 Kxg7 12.e3 Ne6 13.Nf3 Nc7 14.O-O Bf5 15.d4
Ncd5 16.Rfe1 Nxc3 17.Qxc3 Be4 18.d5+ Kg8 19.dxc6 Bxc6 20.Red1 Qc8 21.Qe5 
Qe8 22.Nd4 Bxg2 23.Kxg2 Rc8 24.Rxc8 Nxc8 25.Rc1 Qa4 26.a3 Qa6 27.Rc7 Qb6 
28.b4 Qa6 29.Qc5 b6 30.Qc6 Nd6 31.Rxe7 Nc4 32.b5 Qxa3 33.Qf6 Qa1 34.h4 h5 
35.Qf4 Nd2 36.Rc7 Qd1 37.Kh2 Nb3 38.Rxa7 Nc5 39.Nc6 Qb3 40.Ne5 Qe6 41.Qd4 
Qf5 42.Kg2 Ne4 43.Nf3 Rc8 44.Rd7 Kh7 45.Rd5 Qg4 46.Nh2 Qe6 47.Re5 Qa2 48.
Rxe4 1-0

[Event "Reykjavik zt 1.3"]
[Site "Reykjavik"]
[Date "2000.09.07"]
[Round "1.3"]
[White "Stefansson, Hannes"]
[Black "Berg, Emanuel"]
[Result "1-0"]
[WhiteElo "2557"]
[BlackElo "2456"]
[EventDate "2000.09.05"]
[PlyCount "109"]

1.d4 e6 2.c4 Nf6 3.Nc3 Bb4 4.Qc2 c5 5.dxc5 Na6 6.a3 Bxc3+ 7.Qxc3 Nxc5 8.b4
Nce4 9.Qb2 d5 10.c5 d4 11.e3 Ng4 12.Nh3 dxe3 13.Qxg7 exf2+ 14.Nxf2 Qf6 15.
Qxf6 Ngxf6 16.Nxe4 Nxe4 17.Bd3 f5 18.Bf4 Bd7 19.Bxe4 fxe4 20.O-O Bb5 21.
Rf2 a5 22.a4 Bd3 23.b5 Rf8 24.Raa2 Rf5 25.Bd6 Kd7 26.Rxf5 exf5 27.Kf2 b6 
28.Ke3 Ke6 29.Bc7 bxc5 30.Rb2 Kd7 31.b6 Ba6 32.b7 Bxb7 33.Rxb7 Kc8 34.Rb5 
Kxc7 35.Rxc5+ Kd6 36.Rxf5 Rb8 37.Rxa5 Rb2 38.Rg5 Ke6 39.h4 Kf6 40.Kf4 Rb4 
41.Rf5+ Kg7 42.a5 Ra4 43.h5 Kh6 44.Re5 Kg7 45.Kg5 e3 46.Re7+ Kf8 47.Rxe3 
Rxa5+ 48.Kh6 Ra7 49.g4 Ra4 50.g5 Ra5 51.Rb3 Rc5 52.Rb8+ Kf7 53.g6+ hxg6 
54.hxg6+ Ke7 55.Ra8 1-0

[Event "Reykjavik zt 1.3"]
[Site "Reykjavik"]
[Date "2000.09.07"]
[Round "1.4"]
[White "Agrest, Evgenij"]
[Black "Thorhallsson, Throstur"]
[Result "1/2-1/2"]
[WhiteElo "2554"]
[BlackElo "2454"]
[EventDate "2000.09.05"]
[PlyCount "95"]

1.c4 e6 2.Nc3 d5 3.d4 Nf6 4.Bg5 c6 5.e3 Nbd7 6.cxd5 exd5 7.Bd3 Be7 8.Nf3 
O-O 9.O-O Re8 10.Qc2 Nf8 11.Rae1 Ng4 12.Bxe7 Qxe7 13.h3 Nf6 14.Ne5 N6d7 
15.f4 f6 16.Nf3 Nb6 17.f5 Bd7 18.g4 c5 19.Qf2 Bc6 20.Nh4 cxd4 21.exd4 Qd6 
22.Ng2 Na4 23.Nxa4 Bxa4 24.Nf4 Bc6 25.a3 a6 26.Qf3 Kh8 27.Qg3 Kg8 28.Nh5 
Qd7 29.Nf4 Rxe1 30.Rxe1 Re8 31.Rxe8 Qxe8 32.Kf2 Qd8 33.Be2 Qb6 34.Qc3 Qc7 
35.Qe3 g5 36.fxg6 hxg6 37.Bf3 Kf7 38.Ke1 Qd6 39.h4 a5 40.Kd2 a4 41.Be2 Bd7
42.g5 Ne6 43.Nxe6 Bxe6 44.gxf6 Qh2 45.h5 Kxf6 46.hxg6 Bf5 47.g7 Kxg7 48.
Qe5+ 1/2-1/2

[Event "Reykjavik zt 1.3"]
[Site "Reykjavik"]
[Date "2000.09.07"]
[Round "1.4"]
[White "Holmsten, Aleksei"]
[Black "Schandorff, Lars"]
[Result "0-1"]
[WhiteElo "2383"]
[BlackElo "2520"]
[EventDate "2000.09.05"]
[PlyCount "72"]

1.e4 c5 2.Nf3 d6 3.d4 cxd4 4.Nxd4 Nf6 5.Nc3 a6 6.f4 g6 7.Nf3 Bg7 8.e5 Nh5 
9.exd6 O-O 10.Be2 exd6 11.O-O Nc6 12.Nd5 Nf6 13.Ng5 Nxd5 14.Qxd5 Nd4 15.
Bd3 Qb6 16.Be3 Ne2+ 17.Kf2 Nxf4 18.Qf3 Nxd3+ 19.cxd3 Qxb2+ 20.Kg1 Be6 21.
Rab1 Qxa2 22.Ne4 Bd5 23.Qh3 Bxe4 24.dxe4 Qe6 25.Qh4 b5 26.Rf3 Rae8 27.Rbf1
Qxe4 28.Bf4 Qe6 29.g4 Qd5 30.Bh6 Bxh6 31.Qxh6 Re2 32.Qh3 b4 33.Qg3 Qe5 34.
Qh4 a5 35.Rh3 Qd4+ 36.Kh1 Qd5+ 0-1

[Event "Reykjavik zt 1.3"]
[Site "Reykjavik"]
[Date "2000.09.08"]
[Round "2.1"]
[White "Agrest, Evgenij"]
[Black "Salmensuu, Olli"]
[Result "1-0"]
[WhiteElo "2554"]
[BlackElo "2458"]
[EventDate "2000.09.05"]
[PlyCount "77"]

1.Nf3 c5 2.c4 g6 3.d4 Bg7 4.e4 d6 5.Nc3 Nc6 6.Be3 Qa5 7.d5 Ne5 8.Nxe5 Bxe5
9.Bd2 Bg7 10.Bd3 Nf6 11.O-O O-O 12.f4 Nd7 13.Kh1 a6 14.Qe1 Rb8 15.a4 Qd8 
16.Rd1 b6 17.Be3 e6 18.dxe6 fxe6 19.Be2 e5 20.f5 gxf5 21.exf5 Nf6 22.Qd2 
Ne8 23.Bg5 Qd7 24.Bh5 Rxf5 25.Nd5 Rxf1+ 26.Rxf1 Bb7 27.Nxb6 Qc6 28.Nd5 
Qxa4 29.Ne7+ Kh8 30.Qe2 Ba8 31.Bf7 Qd7 32.Qh5 Be4 33.Bg6 Bxg6 34.Nxg6+ Kg8
35.Ne7+ Kh8 36.Qf7 Nf6 37.Bxf6 Qg4 38.h3 Qg3 39.Nf5 1-0

[Event "Reykjavik zt 1.3"]
[Site "Reykjavik"]
[Date "2000.09.08"]
[Round "2.1"]
[White "Djurhuus, Rune"]
[Black "Stefansson, Hannes"]
[Result "0-1"]
[WhiteElo "2484"]
[BlackElo "2557"]
[EventDate "2000.09.05"]
[PlyCount "50"]

1.d4 Nf6 2.Nf3 e6 3.e3 b6 4.Bd3 Bb7 5.O-O c5 6.c4 Be7 7.Nc3 cxd4 8.exd4 d5
9.cxd5 Nxd5 10.Ne5 O-O 11.Re1 Nd7 12.Qh5 N7f6 13.Qh3 Nb4 14.Bb1 Qxd4 15.
Bg5 g6 16.Bxg6 hxg6 17.Rad1 Qc5 18.Qh4 Nbd5 19.Rd3 Nh5 20.Ne4 Qb4 21.Rdd1 
Rad8 22.g4 Bxg5 23.Qxg5 Ndf4 24.Qxd8 Rxd8 25.Rxd8+ Kg7 0-1

[Event "Reykjavik zt 1.3"]
[Site "Reykjavik"]
[Date "2000.09.08"]
[Round "2.1"]
[White "Hansen, Sune Berg"]
[Black "Gunnarsson, Jon Viktor"]
[Result "1-0"]
[WhiteElo "2545"]
[BlackElo "2368"]
[EventDate "2000.09.05"]
[PlyCount "93"]

1.e4 e5 2.Nf3 Nf6 3.Nxe5 d6 4.Nf3 Nxe4 5.d4 d5 6.Bd3 Bd6 7.O-O O-O 8.c4 c6
9.cxd5 cxd5 10.Nc3 Nxc3 11.bxc3 Bg4 12.Rb1 Nd7 13.h3 Bh5 14.Rb5 Nb6 15.c4 
Bxf3 16.Qxf3 dxc4 17.Bc2 Qd7 18.a4 Rfe8 19.Bf5 Qe7 20.a5 Nc8 21.Rxb7 Qf6 
22.Rb5 Ne7 23.Bg5 Qxd4 24.Bxh7+ Kxh7 25.Bxe7 Bxe7 26.Qxf7 Bc5 27.Qh5+ Kg8 
28.Rxc5 Rac8 29.Rd5 Qf6 30.Rc1 c3 31.Qd1 Re6 32.Rd3 Rec6 33.Qb3+ Kh8 34.
Qc2 Qe5 35.Re3 Qxa5 36.Rce1 Qh5 37.Re7 Rc5 38.g4 Rg5 39.f4 Qg6 40.f5 Qb6+ 
41.Kg2 Qc6+ 42.Kg3 Qd6+ 43.Kf3 Qh6 44.Kg2 Qc6+ 45.Qe4 Qxe4+ 46.R7xe4 Rc5 
47.h4 1-0

[Event "Reykjavik zt 1.3"]
[Site "Reykjavik"]
[Date "2000.09.08"]
[Round "2.1"]
[White "Nielsen, Peter Heine"]
[Black "Gausel, Einar"]
[Result "0-1"]
[WhiteElo "2578"]
[BlackElo "2492"]
[EventDate "2000.09.05"]
[PlyCount "114"]

1.d4 d5 2.c4 c6 3.Nf3 Nf6 4.Nc3 e6 5.Bg5 h6 6.Bh4 dxc4 7.e4 Be7 8.e5 Nd5 
9.Bxe7 Qxe7 10.Bxc4 Qb4 11.Qb3 Qxb3 12.Bxb3 Nxc3 13.bxc3 c5 14.Ke2 cxd4 
15.cxd4 Bd7 16.Rhc1 Nc6 17.d5 exd5 18.Bxd5 O-O 19.Rab1 Rab8 20.g3 Rfe8 21.
Bxc6 Bxc6 22.Rc5 Rbd8 23.Ke3 f6 24.Rb4 Rd7 25.Rd4 Rf7 26.Rd6 Bxf3 27.Kxf3 
fxe5+ 28.Kg2 e4 29.Rc3 Rfe7 30.Re3 b5 31.Rb3 Rc8 32.Rd2 Rc5 33.Rdb2 a6 34.
Re2 Rc4 35.Rbe3 b4 36.a3 a5 37.axb4 axb4 38.Ra2 Rb7 39.Rb3 Kf7 40.Ra6 Rd4 
41.Ra4 Ke6 42.Kf1 Kd5 43.Ke2 Kc5 44.Ke3 Rc4 45.Ra5+ Kd6 46.Ra6+ Kd5 47.
Ra5+ Rc5 48.Ra8 Kc4 49.Rb1 b3 50.Kxe4 b2 51.Ra3 Re7+ 52.Kf3 Rf5+ 53.Kg4 
Rxf2 54.h4 Rb7 55.Re3 Rc2 56.Ree1 Kb3 57.Kh5 Rc5+ 0-1

[Event "Reykjavik zt 1.3"]
[Site "Reykjavik"]
[Date "2000.09.08"]
[Round "2.1"]
[White "Petursson, Margeir"]
[Black "Hansen, Curt"]
[Result "1/2-1/2"]
[WhiteElo "2544"]
[BlackElo "2613"]
[EventDate "2000.09.05"]
[PlyCount "52"]

1.c4 e5 2.g3 Nf6 3.Bg2 c6 4.Nf3 e4 5.Nd4 d5 6.cxd5 Qxd5 7.Nc2 Qh5 8.Ne3 
Bc5 9.Nc3 Bxe3 10.dxe3 Bh3 11.Bxh3 Qxh3 12.Qd4 Qe6 13.b3 b6 14.Bb2 Nbd7 
15.O-O-O O-O-O 16.Qd6 Qxd6 17.Rxd6 Kc7 18.Rd4 Rhe8 19.h3 h5 20.Ba3 c5 21.
Nb5+ Kc6 22.Nxa7+ Kb7 23.Ra4 Nd5 24.Nb5 Kc6 25.Na7+ Kb7 26.Nb5 Kc6 1/2-1/2

[Event "Reykjavik zt 1.3"]
[Site "Reykjavik"]
[Date "2000.09.09"]
[Round "2.2"]
[White "Gunnarsson, Jon Viktor"]
[Black "Hansen, Sune Berg"]
[Result "0-1"]
[WhiteElo "2368"]
[BlackElo "2545"]
[EventDate "2000.09.05"]
[PlyCount "100"]

1.e4 c5 2.Nf3 Nc6 3.d4 cxd4 4.Nxd4 Nf6 5.Nc3 e5 6.Ndb5 d6 7.Bg5 a6 8.Na3 
b5 9.Bxf6 gxf6 10.Nd5 f5 11.c3 Bg7 12.g3 fxe4 13.Bg2 O-O 14.Bxe4 Rb8 15.
Nc2 f5 16.Bg2 a5 17.O-O Kh8 18.f4 e4 19.Nce3 b4 20.Qh5 Ne7 21.Rad1 bxc3 
22.bxc3 Nxd5 23.Nxd5 Be6 24.g4 Rb2 25.Kh1 Rxa2 26.Ne3 Qe7 27.gxf5 Bg8 28.
Ng4 e3 29.Rfe1 Rxg2 30.Kxg2 Qe4+ 31.Kg1 Rxf5 32.Qh3 e2 33.Rd2 Rxf4 34.Nf2 
Qg6+ 35.Qg3 Bxc3 36.Rexe2 Bxd2 37.Rxd2 Qxg3+ 38.hxg3 Rf6 39.Ne4 Rg6 40.
Rxd6 Rxd6 41.Nxd6 a4 42.Nb5 Kg7 43.Kf2 Kf6 44.Kf3 Ke5 45.Ke3 Bc4 46.Na3 
Kd5 47.Nb1 Kc5 48.Kd2 Kb4 49.Kc2 a3 50.Nd2 Bd3+ 0-1

[Event "Reykjavik zt 1.3"]
[Site "Reykjavik"]
[Date "2000.09.09"]
[Round "2.2"]
[White "Hansen, Curt"]
[Black "Petursson, Margeir"]
[Result "1/2-1/2"]
[WhiteElo "2613"]
[BlackElo "2544"]
[EventDate "2000.09.05"]
[PlyCount "82"]

1.c4 Nf6 2.Nc3 c5 3.g3 Nc6 4.Bg2 g6 5.Nf3 d6 6.O-O Bg7 7.d4 cxd4 8.Nxd4 
Bd7 9.Nc2 O-O 10.b3 Qa5 11.Bb2 Rfc8 12.Nd5 Nxd5 13.Bxg7 Nc3 14.Bxc3 Qxc3 
15.Ne3 Be6 16.Nd5 Bxd5 17.Bxd5 Rab8 18.e3 Nb4 19.Be4 a5 20.Qe2 Qe5 21.Bg2 
b5 22.Rab1 bxc4 23.bxc4 Qc3 24.Rb3 Qxc4 25.Qxc4 Rxc4 26.a3 Na6 27.Rxb8+ 
Nxb8 28.Rb1 Nd7 29.Rb7 Nf6 30.Rxe7 Rc1+ 31.Bf1 Ra1 32.Ra7 Rxa3 33.Ra6 Ne4 
34.Bc4 a4 35.Ra8+ Kg7 36.Ra7 Ng5 37.Kg2 Kf6 38.Bb5 Rb3 39.Bxa4 Ra3 40.Ra6 
Ne4 41.Bb5 Rxa6 1/2-1/2

[Event "Reykjavik zt 1.3"]
[Site "Reykjavik"]
[Date "2000.09.09"]
[Round "2.2"]
[White "Schandorff, Lars"]
[Black "Agdestein, Simen"]
[Result "1/2-1/2"]
[WhiteElo "2520"]
[BlackElo "2590"]
[EventDate "2000.09.05"]
[PlyCount "102"]

1.Nf3 c5 2.c4 g6 3.g3 Bg7 4.Bg2 Nc6 5.Nc3 d6 6.O-O f5 7.d3 Bd7 8.Bd2 Nf6 
9.a3 O-O 10.Rb1 e6 11.b4 b6 12.Qc1 Qe7 13.b5 Na5 14.Nh4 Rae8 15.e4 Bc8 16.
f4 Nb7 17.Qe1 Qc7 18.Qe2 Nd8 19.Rbe1 Nf7 20.exf5 gxf5 21.Bc6 Bd7 22.Bf3 d5
23.Qg2 d4 24.Nd1 Kh8 25.Nf2 Bh6 26.Nh3 Rg8 27.Kh1 Ng4 28.Nf2 Nf6 29.Nh3 
Rg7 30.Re2 Ng4 31.Bc6 Nd6 32.Bxd7 Rxd7 33.Rfe1 Rde7 34.Nf3 Nf7 35.Nf2 Nf6 
36.Ne5 Nxe5 37.Rxe5 Nd7 38.R5e2 Nf8 39.Qh3 Bg7 40.Qg2 Ng6 41.a4 Bf6 42.Qf3
Kg7 43.Kg1 Qd7 44.Ra1 h6 45.Rae1 Rf7 46.a5 bxa5 47.Bxa5 e5 48.Bd2 Re6 49.
Qh5 Bd8 50.fxe5 f4 51.Nh3 Bg5 1/2-1/2

[Event "Reykjavik zt 1.3"]
[Site "Reykjavik"]
[Date "2000.09.09"]
[Round "2.2"]
[White "Stefansson, Hannes"]
[Black "Djurhuus, Rune"]
[Result "1-0"]
[WhiteElo "2557"]
[BlackElo "2484"]
[EventDate "2000.09.05"]
[PlyCount "47"]

1.d4 Nf6 2.c4 c5 3.d5 b5 4.Nf3 g6 5.cxb5 a6 6.b6 a5 7.Nc3 Ba6 8.b7 Ra7 9.
e4 Bxf1 10.Kxf1 d6 11.e5 dxe5 12.Nxe5 Rxb7 13.Qa4+ Nfd7 14.Nc6 Qc8 15.Bf4 
Na6 16.Re1 f6 17.Nxe7 Bxe7 18.d6 O-O 19.Qc4+ Kh8 20.dxe7 Rb4 21.exf8=Q+ 
Nxf8 22.Qf7 Rxf4 23.Re7 Qf5 24.Qg7# 1-0

[Event "Reykjavik zt 1.3"]
[Site "Reykjavik"]
[Date "2000.09.11"]
[Round "3.1"]
[White "Gausel, Einar"]
[Black "Hansen, Sune Berg"]
[Result "0-1"]
[WhiteElo "2492"]
[BlackElo "2545"]
[EventDate "2000.09.05"]
[PlyCount "94"]

1.d4 Nf6 2.Nf3 e6 3.e3 b6 4.Bd3 Bb7 5.O-O c5 6.c4 g6 7.Nc3 Bg7 8.d5 exd5 
9.cxd5 Nxd5 10.Nxd5 Bxd5 11.Bxg6 hxg6 12.Qxd5 Nc6 13.e4 Rh5 14.Bg5 Qc7 15.
Rad1 Kf8 16.g4 Rh8 17.Kg2 Re8 18.h3 Bxb2 19.Rfe1 Kg7 20.Re2 Bd4 21.Rc1 f6 
22.Bd2 Be5 23.a4 d6 24.Bc3 g5 25.Qd3 Ne7 26.Bd2 Qc8 27.Nxe5 dxe5 28.Be3 
Rd8 29.Qc3 Qa6 30.Qc4 Qxc4 31.Rxc4 Nc6 32.Rb2 Rd7 33.Rc1 Kf7 34.Ra1 Na5 
35.Rc1 Rd6 36.Bxc5 bxc5 37.Rxc5 Nc6 38.Rb7+ Ke6 39.Rc7 Nd4 40.Rxa7 Ne2 41.
Kh2 Nf4 42.Rc3 Rhd8 43.Rh7 R8d7 44.Rh8 Rd2 45.Rc6+ Kf7 46.Rh7+ Kg6 47.Rxd7
Rxd7 0-1

[Event "Reykjavik zt 1.3"]
[Site "Reykjavik"]
[Date "2000.09.11"]
[Round "3.1"]
[White "Schandorff, Lars"]
[Black "Agrest, Evgenij"]
[Result "1/2-1/2"]
[WhiteElo "2520"]
[BlackElo "2554"]
[EventDate "2000.09.05"]
[PlyCount "65"]

1.c4 f5 2.g3 g6 3.Bg2 Bg7 4.Nc3 Nf6 5.d3 O-O 6.e4 fxe4 7.dxe4 d6 8.Nge2 c5
9.O-O Nc6 10.h3 Ne8 11.Be3 Nc7 12.f4 Rb8 13.Qd2 e5 14.fxe5 Nxe5 15.Rxf8+ 
Qxf8 16.Rf1 Qe7 17.Bg5 Qd7 18.b3 b6 19.Nd5 Nxd5 20.Qxd5+ Kh8 21.Nc3 Bb7 
22.Qd2 Bc6 23.Bh6 Re8 24.Bf4 Qe6 25.Kh2 Kg8 26.Nd5 Bxd5 27.exd5 Qe7 28.Qd1
Qd7 29.Bxe5 Bxe5 30.h4 Qe7 31.Qg4 Kg7 32.h5 Rf8 33.Rxf8 1/2-1/2

[Event "Reykjavik zt 1.3"]
[Site "Reykjavik"]
[Date "2000.09.11"]
[Round "3.1"]
[White "Stefansson, Hannes"]
[Black "Petursson, Margeir"]
[Result "1-0"]
[WhiteElo "2557"]
[BlackElo "2544"]
[EventDate "2000.09.05"]
[PlyCount "74"]

1.d4 d5 2.c4 c6 3.Nf3 Nf6 4.Nc3 dxc4 5.a4 Bf5 6.Ne5 e6 7.f3 Bb4 8.e4 Bxe4 
9.fxe4 Nxe4 10.Bd2 Qxd4 11.Nxe4 Qxe4+ 12.Qe2 Bxd2+ 13.Kxd2 Qd5+ 14.Kc2 Na6
15.Nxc4 b5 16.axb5 Nb4+ 17.Kc3 cxb5 18.Rd1 bxc4 19.Rxd5 Nxd5+ 20.Kc2 O-O 
21.Qe4 Rfc8 22.Be2 Rab8 23.Ra1 Rb4 24.Qe5 Rb5 25.Kc1 a5 26.Ra3 Rbc5 27.Rh3
c3 28.Qe4 Nf6 29.Qa4 cxb2+ 30.Kxb2 Re5 31.Ba6 Rd8 32.Qc2 g6 33.Ka3 Rd4 34.
Qf2 Ree4 35.Qxf6 Rf4 36.Qe5 Ra4+ 37.Kb2 Rae4 1-0

[Event "Reykjavik zt 1.3"]
[Site "Reykjavik"]
[Date "2000.09.12"]
[Round "3.2"]
[White "Petursson, Margeir"]
[Black "Stefansson, Hannes"]
[Result "1/2-1/2"]
[WhiteElo "2544"]
[BlackElo "2557"]
[EventDate "2000.09.05"]
[PlyCount "49"]

1.c4 Nf6 2.g3 c6 3.Bg2 d5 4.Nf3 Bg4 5.Ne5 Be6 6.d4 Nbd7 7.Nc3 g6 8.O-O Bg7
9.Nd3 Nb6 10.cxd5 Nfxd5 11.Nc5 Bc8 12.e4 Nxc3 13.bxc3 e5 14.Be3 Nc4 15.Qb3
Nxe3 16.fxe3 Qe7 17.Rf2 O-O 18.Re1 b6 19.Nd3 Be6 20.d5 Bd7 21.a4 Rac8 22.
Nb4 cxd5 23.exd5 e4 24.c4 Qc5 25.Bf1 1/2-1/2

[Event "Reykjavik zt 1.3"]
[Site "Reykjavik"]
[Date "2000.09.13"]
[Round "3.4"]
[White "Schandorff, Lars"]
[Black "Agrest, Evgenij"]
[Result "0-1"]
[WhiteElo "2520"]
[BlackElo "2554"]
[EventDate "2000.09.05"]
[PlyCount "116"]

1.c4 e5 2.g3 d6 3.Bg2 f5 4.d4 Be7 5.Nc3 Nf6 6.e3 O-O 7.Nge2 Na6 8.O-O c6 
9.d5 Bd7 10.b3 Qe8 11.dxc6 bxc6 12.Ba3 Be6 13.Qd2 Rd8 14.Na4 Nb8 15.Rad1 
Qh5 16.f4 Ng4 17.h3 Nf6 18.Qc2 e4 19.Rd2 c5 20.b4 cxb4 21.Bxb4 Nc6 22.Ba3 
Qf7 23.Nb2 a5 24.Rfd1 Nb4 25.Qa4 d5 26.cxd5 Nfxd5 27.Nc4 Nd3 28.Bxe7 Qxe7 
29.Rb1 Qc7 30.Kh2 Bd7 31.Qc2 N5b4 32.Qc3 Rc8 33.Ne5 Qxc3 34.Nxc3 Rxc3 35.
Nxd7 Re8 36.Rb3 Rxb3 37.axb3 Rc8 38.Nb6 Rc1 39.g4 g6 40.Kg3 Rc3 41.Kh4 h6 
42.gxf5 gxf5 43.Kh5 Rc6 44.Na4 Kg7 45.Bf1 Rc2 46.Rd1 Rc1 47.Rxc1 Nxc1 48.
Nc5 Nc2 49.Bb5 Nxe3 50.Ne6+ Kf6 51.Nd4 Nd3 52.Kxh6 Nxf4 53.h4 Nfd5 54.Nc6 
f4 55.Nxa5 f3 56.Nb7 Nf5+ 57.Kh5 e3 58.Kg4 e2 0-1